|
|
|
|
| LEADER |
00000nab a2200000 a 4500 |
| 001 |
vtls000593983 |
| 003 |
SK-MaSNL |
| 005 |
20260304052133.0 |
| 008 |
120930c1996 xo 0 slo |
| 015 |
|
|
|a SNBRB19rr/mm-uuuuu
|
| 035 |
|
|
|a CL0594122
|
| 040 |
|
|
|a SNKBUCL
|b slo
|c SNKBUCL
|e AACR2
|
| 041 |
0 |
|
|a slo
|
| 044 |
|
|
|a xo
|c SK
|
| 080 |
|
|
|a 323(73):324(73)
|2 1981
|
| 100 |
1 |
|
|a Poláčková, Lenka
|4 aut
|9 988770
|
| 245 |
1 |
0 |
|a Bob Dole na konvente rečnil, Bill Clinton pred konventom podpisuje zákony
|c Lenka Poláčková
|
| 650 |
0 |
7 |
|a vnútorná politika
|2 snkbucl
|9 970
|
| 651 |
|
7 |
|a Spojené štáty americké
|2 snkbucl
|9 18262
|
| 655 |
|
7 |
|a články z novín a časopisov
|2 snkbucl
|9 267496
|
| 700 |
1 |
|
|a Clinton, Bill,
|d 1946-
|4 aut
|9 194418
|
| 700 |
1 |
|
|a Dole, Robert
|4 aut
|9 996099
|
| 773 |
0 |
|
|t Národná obroda
|g Roč. 7, č. 198 (24. 8. 1996), s. 7
|
| 850 |
|
|
|a Slovenská národná knižnica v Martine
|a MTA001
|
| 852 |
|
|
|a SNK
|b KIS3GCP
|
| 958 |
|
|
|a RK
|
| 992 |
|
|
|a RBX
|
| 999 |
|
|
|c 2706713
|d 2708643
|